000 00622nam a2200241Ia 4500
003 OSt
005 20220912151345.0
006 a|||||r|||| 00| 0
007 ta
008 220909b |||||||| |||| 00| 0 eng d
024 _a54546
037 _cTextual
040 _aCSL
_beng
_cCSL
041 _aeng
082 _aK97,214:2, L1
100 _aDahlberg A A Ed.
245 0 _aDental morphology and evolution
260 _aChicago
_bUniversity Press
_c1971
300 _aix, 350p.
_ccm.
650 _aMammals
942 _hK97,214:2, L1
_cTEXL
_2CC
999 _c66920
_d66920